[Event "1st Gujarat GM Open 2018"]
[Site "Ahmedabad"]
[Date "2018.10.08"]
[Round "5"]
[White "Sidhant, Mohapatra"]
[Black "Karthik Venkataraman"]
[Result "1/2-1/2"]
[WhiteElo "2341"]
[BlackElo "2525"]
[Annotator "TA"]
[PlyCount "77"]
[EventDate "2018.10.05"]
[EventType "swiss"]
[EventCountry "IND"]
[SourceTitle "playchess.com"]
[Source "ChessBase"]
[SourceQuality "1"]

{[%evp 21,77,22,22,0,20,11,32,2,14,0,-4,-17,0,2,36,20,14,35,43,0,0,0,0,-283,2,0,0,-13,8,13,22,0,36,37,34,35,34,33,39,37,36,14,39,6,10,13,20,0,0,0,0,0,0,0,0,0,0,0]} 1. c4 e5 2. Nc3 Nf6 3. g3 d5 4. cxd5 Nxd5 5. Bg2 Nb6 6. d3 Be7 7. Nf3 Nc6 8. O-O Be6 9. a3 a5 10. Be3 f5 11. Rc1 O-O 12. Nb5 {A29: English Opening: Four Knights Variation with 4 g3} Nd5 $146 ({Predecessor:} 12... Rf7 13. Nxe5 Nxe5 14. Nxc7 Qd6 15. Bxb6 Raf8 16. Bxa5 f4 17. Bb4 Qd7 18. Bxe7 Qxe7 19. Nxe6 Qxe6 {1-0 (61) Raeva,E (2324)-Georgiadis,I (2464) Paleochora 2011}) 13. Bc5 a4 14. Bxe7 {White is slightly better.} Qxe7 15. Qc2 Ra5 16. Qc5 Qf6 {[#] Strongly threatening ...Nde7.} 17. Ng5 Qxg5 (17... Nd4 $5 {[%cal Ra5b5]} 18. Bxd5 Rxb5 19. Qxb5 (19. Bxe6+ Kh8 $11) 19... Nxb5 20. Nxe6 c6 $11) 18. Bxd5 Bxd5 19. Qxd5+ Kh8 20. b4 (20. Rc5 {looks sharper.} Qe7 21. Rfc1 Raa8 22. R1c4 Rad8 23. Qf3) 20... axb3 $1 21. Qxb3 Qe7 22. Qd5 $2 {[%mdl 8192] [#]} (22. a4 $11) 22... Qg5 $2 ({Better is} 22... Nd4 $1 $19 {[%cal Rd4e2][%mdl 512]} 23. Rxc7 (23. Nxd4 Rxd5) 23... Rxb5 24. Rxe7 Nxe2+ 25. Kh1 Rxd5) 23. Qb3 Qe7 24. a4 h6 25. Rc4 Ra6 26. Qc3 Qf7 27. d4 exd4 28. Nxd4 Nxd4 29. Qxd4 Rd6 30. Qf4 Qe7 31. Rb1 Rd7 32. Rd4 Rxd4 {The position is equal.} 33. Qxd4 $11 {[%mdl 4096] Endgame KQR-KQR} Rd8 34. Qf4 Qxe2 35. Qxc7 Rd1+ 36. Rxd1 Qxd1+ 37. Kg2 Qd5+ 38. Kg1 Qd1+ 39. Kg2 {Precision: White = 37%, Black = 30%.} 1/2-1/2

[Event "1st Gujarat GM Open 2018"]
[Site "Ahmedabad"]
[Date "2018.10.08"]
[Round "5"]
[White "Mohammad Minhaz Uddin"]
[Black "Michelle Catherina, P."]
[Result "0-1"]
[WhiteElo "2328"]
[BlackElo "2147"]
[Annotator "TA"]
[PlyCount "79"]
[EventDate "2018.10.05"]
[EventType "swiss"]
[EventCountry "IND"]
[SourceTitle "playchess.com"]
[Source "ChessBase"]
[SourceQuality "1"]

{[%evp 13,79,0,4,-12,-10,-43,-12,-8,-4,-4,-4,-14,-14,-14,-8,-15,-7,-8,-5,-18,0,-8,0,-19,0,0,0,0,13,8,11,25,17,12,77,80,82,84,88,72,95,94,142,131,239,129,120,102,102,78,114,105,99,101,128,98,119,112,222,-187,-175,-179,-114,-158,-161,-904,-891,-1889]} 1. e4 e5 2. Nf3 Nc6 3. Bb5 a6 4. Ba4 Nf6 5. Bxc6 dxc6 6. d3 Bd6 7. Nbd2 Be6 8. Nf1 {C77: Ruy Lopez: 3...a6 4 Ba4 Nf6, unusual lines} (8. b3 c5 9. Bb2 Nd7 10. Nc4 f6 11. Nh4 g6 12. g3 Qe7 13. Qd2 O-O-O 14. O-O-O Nb8 15. f4 Bxc4 16. bxc4 {½-½ (41) Tomczak,J (2598)-Vetoshko,V (2517) Suwalki 2017}) 8... h6 9. Ng3 c5 10. b3 $146 {The position is equal.} ({Predecessor:} 10. Qe2 Qd7 11. b3 Nh7 12. Bb2 f6 13. Nh4 O-O-O 14. Nhf5 Nf8 15. h4 {0-1 (43) Perera,V (2205)-Chavez Chavez,R (2250) Dubai 1986}) 10... Qe7 11. Bb2 Nd7 {[%cal Bf6d7,Bd7b8,Bb8c6,Bc6d4][%mdl 32]} 12. Qe2 g6 13. Nd2 f6 14. Nc4 h5 15. h4 O-O-O 16. Qe3 Nb8 (16... f5 {feels hotter.} 17. Ne2 Rhg8 18. O-O-O f4 19. Qd2 Rdf8) 17. Nxd6+ Qxd6 18. O-O-O Nc6 19. Rdf1 Nd4 20. f4 Bd7 21. Kb1 Kb8 22. Rf2 Rhf8 23. Rhf1 Qe7 (23... Bg4 $11) 24. fxe5 $16 fxe5 25. Qg5 Qxg5 26. hxg5 Rxf2 27. Rxf2 Bg4 28. Nf1 Rd7 (28... Kc8 $16 {was worth a try.} 29. Ne3 b5) 29. Ne3 (29. Rf8+ $18 Ka7 30. Rg8) 29... Be6 30. Rf6 {aiming for c3.} Bf7 31. Bxd4 cxd4 {[%mdl 4096] Endgame KRB-KRN} 32. Nf1 Kc8 33. Nd2 Re7 34. Nf3 Be8 {[#]} 35. Nh4 $1 Rf7 {[#]} (35... Kd8 $16) 36. Re6 $4 {[%mdl 8192]} ({Stronger than} 36. Nxg6 Rxf6 37. Ne7+ Kd7 $11) (36. Rxf7 $1 $18 {was the only winning move.} Bxf7 37. Nf3) 36... Kd7 37. Rxe5 Rf1+ 38. Kb2 Bf7 39. Nf3 $2 {[#]} (39. Ra5 Rf2 40. b4) 39... Rxf3 $1 $19 {[%mdl 512]} 40. Re7+ {Precision: White = 53%, Black = 55%.} (40. gxf3 h4) 0-1

[Event "1st Gujarat GM Open 2018"]
[Site "Ahmedabad"]
[Date "2018.10.08"]
[Round "5"]
[White "Wagh Suyog"]
[Black "Shintre Neel"]
[Result "1/2-1/2"]
[WhiteElo "2312"]
[BlackElo "2093"]
[Annotator "TA"]
[PlyCount "107"]
[EventDate "2018.10.05"]
[EventType "swiss"]
[EventCountry "IND"]
[SourceTitle "playchess.com"]
[Source "ChessBase"]
[SourceQuality "1"]

{[%evp 22,107,-15,-17,-15,-12,-10,-29,42,28,36,27,39,12,18,9,186,0,12,0,17,10,48,37,50,41,40,37,120,41,109,102,212,191,205,209,253,245,338,266,276,192,183,186,375,251,268,262,238,221,245,249,229,222,242,49,56,64,61,72,57,20,50,42,39,22,24,29,22,14,22,4,7,1,2,1,7,7,6,7,7,6,12,4,7,7,6,4]} 1. Nf3 d5 2. g3 Nf6 3. Bg2 c6 4. O-O Bf5 5. c4 e6 6. b3 h6 7. Bb2 Nbd7 8. d3 Be7 9. Nbd2 O-O 10. a3 a5 11. Rc1 Bh7 12. Rc2 Qb8 {A12: English Opening: 1...c6 with b3 by White} (12... Qb6 13. Qa1 Rfc8 14. Ne5 Nxe5 15. Bxe5 Qd8 16. Qb2 Qf8 17. Ra1 Nd7 18. Bc3 b5 19. cxb5 cxb5 20. Rcc1 b4 21. axb4 Bxb4 22. Bxb4 Qxb4 {½-½ (30) Idani,P (2551)-Volkov,S (2609) St Petersburg 2016}) 13. Qa1 Re8 14. cxd5 $146 ({Predecessor:} 14. Ne5 Bf8 15. Bh3 Qd8 16. Rfc1 Nxe5 17. Bxe5 Nd7 18. Bb2 Qe7 19. cxd5 exd5 20. Nf3 {0-1 (64) Podzielny,K (2405)-Goehring,K (2355) Germany 1984}) 14... cxd5 (14... exd5 $11 15. Bh3 Bf8) 15. Rfc1 $14 Bd6 16. Nd4 b6 $1 17. Nc6 Qb7 18. Ne5 Qb8 $2 (18... Nc5 $11 {and Black stays safe.}) 19. Nc6 $2 (19. Nxd7 $18 Nxd7 20. Bxg7) 19... Qb7 $11 20. Ne5 $36 {[%mdl 2048] White has some pressure.} Nc5 21. Bd4 {Black should prevent Nec4!} Rec8 22. Qb2 Ne8 23. b4 axb4 24. axb4 Na6 (24... Na4 $14 25. Qb3 Rxc2 26. Rxc2 Nc7) 25. Nc6 (25. Ndc4 $1 $16) 25... b5 (25... Bf8 $14) 26. e4 Rxc6 (26... Qd7 $16) 27. Rxc6 $18 {[%cal Bc2c6,Bc6b6,Bb6b7][%mdl 32]} Nxb4 {[#]} 28. Rb6 $1 {[%cal Rb6b7]} (28. Rxd6 Nxd3 29. Rb6 Qxb6 $15) 28... Qe7 29. Qb3 e5 30. Bb2 Nc7 31. Rb7 {Black must now prevent Rcxc7!} Nba6 32. exd5 Qd8 $2 (32... Nc5 33. Rxc5 Bxc5) 33. Ba3 b4 34. Bb2 ({Not} 34. Bxb4 Bxb4 35. Rcxc7 (35. Rxb4 Nxb4 36. Qxb4 Nxd5 $16) 35... Nxc7 $16) 34... Nc5 {[#]} 35. Rxc5 $1 {[%mdl 512]} Bxc5 36. Bxe5 Bd6 {[#]} 37. Bxd6 $1 Qxd6 38. Qxb4 $2 ({Much less strong is} 38. Rxb4 $6 Bxd3 39. Bf3 Ne8) ({White should play} 38. Be4 $18) 38... Ra1+ $14 39. Nf1 Qxb4 40. Rxb4 {White wants to mate with Rb8+.} Bxd3 41. d6 (41. Rd4 $5 {[%cal Rd4d3]} Bf5 42. d6 $16) 41... Ne6 42. Rb8+ Kh7 43. Rb2 Bxf1 44. Bxf1 $11 {[%mdl 4096] Endgame And now Rd2 would win. KRB-KRN} Rd1 45. Rb6 {The position is equal.} Ng5 46. Rb3 {Hoping for f4.} Rxd6 47. h4 Ne6 48. h5 Kg8 49. Rb8+ Rd8 50. Rb7 Kf8 51. Bc4 Re8 52. Bb5 Rc8 53. Kg2 Rc5 54. Be2 {Precision: White = 44%, Black = 40%.} 1/2-1/2

[Event "1st Gujarat GM Open 2018"]
[Site "Ahmedabad"]
[Date "2018.10.08"]
[Round "5"]
[White "Srijit Paul"]
[Black "Satkar, Chirag"]
[Result "1-0"]
[WhiteElo "2292"]
[BlackElo "2089"]
[Annotator "TA"]
[PlyCount "85"]
[EventDate "2018.10.05"]
[EventType "swiss"]
[EventCountry "IND"]
[SourceTitle "playchess.com"]
[Source "ChessBase"]
[SourceQuality "1"]

{[%evp 18,85,45,43,61,42,60,37,43,29,39,20,16,8,50,62,55,57,122,108,125,100,98,95,122,89,98,84,131,62,51,15,22,0,11,13,14,16,29,27,32,27,33,28,27,8,22,28,75,77,78,81,145,145,145,145,145,148,1543,1543,1841,970,29994,29995,29995,29996,29996,29997,29997,29998]} 1. e4 e5 2. Nf3 Nc6 3. Bc4 Nf6 4. d3 h6 5. O-O d6 6. c3 g6 7. d4 Qe7 8. Nbd2 Bg7 9. Re1 O-O 10. h3 a6 {C55: Two Knights: 4 d3, 4 d4 exd4 5 e5 and Max Lange Attack} (10... Kh8 11. a4 Bd7 12. a5 a6 13. Bd3 Rae8 14. Nf1 Nh7 15. dxe5 dxe5 16. b3 Nb8 17. Ne3 Be6 18. Ba3 {1-0 (34) Radjabov,T (2710)-Amin,B (2662) Doha 2016}) 11. a4 Bd7 12. Nf1 Na5 $146 {White is slightly better.} ({Predecessor:} 12... Nh5 13. Ne3 exd4 14. Nd5 Qd8 15. cxd4 Nf6 16. Nc3 Nh7 17. Be3 Kh8 18. d5 {½-½ (30) Korneev,O (2565)-Bartel,M (2609) Evora 2007}) 13. Ba2 c5 14. dxc5 dxc5 15. Ne3 b5 16. Nd5 Nxd5 17. Bxd5 Nc6 (17... Bc6 $14) 18. Be3 $16 Rac8 19. axb5 axb5 20. Ra6 Rfd8 21. Rb6 Rb8 {[#]} 22. Rxb8 $1 Nxb8 23. Qd2 (23. Qa1 $16) 23... Kh7 $14 24. b3 Be6 25. c4 {Black must now prevent Qa5.} bxc4 26. bxc4 Nc6 $1 27. Rb1 Nd4 28. Bxd4 cxd4 29. Rb7 $36 {[%mdl 2048] White is pushing.} Rd7 30. Rxd7 Bxd7 31. Ne1 h5 32. Nd3 Bh6 33. Qa5 Qg5 {[#]} 34. Kf1 $1 ({Reject} 34. Qc7 Bxh3 35. Qxf7+ Bg7 $15) 34... Kg7 (34... Qf6 $142) 35. Qc7 $16 Qd2 36. Qxd7 Qxd3+ 37. Kg1 Qd1+ $2 {[%mdl 8192]} (37... Kh7 $16) 38. Kh2 $18 Bf4+ 39. g3 Qf3 40. Qxf7+ {White mates.} Kh6 41. Qf8+ Kh7 42. Bg8+ Kh8 43. Bf7+ {Precision: White = 61%, Black = 47%.} 1-0

[Event "1st Gujarat GM Open 2018"]
[Site "Ahmedabad"]
[Date "2018.10.08"]
[Round "5"]
[White "Prasad, Devaki V"]
[Black "Nayak Rajesh"]
[Result "0-1"]
[WhiteElo "2285"]
[BlackElo "2084"]
[Annotator "TA"]
[PlyCount "76"]
[EventDate "2018.10.05"]
[EventType "swiss"]
[EventCountry "IND"]
[SourceTitle "playchess.com"]
[Source "ChessBase"]
[SourceQuality "1"]

{[%evp 9,76,31,36,27,32,-33,-22,-15,70,31,22,5,5,12,2,-37,11,28,1,8,2,-41,-22,-18,-15,-30,-30,-37,-34,-31,-8,-8,-8,-25,0,-2,14,1,8,-31,-15,-16,-16,-16,-18,-19,-27,-25,-25,-15,927,353,825,-45,-34,-61,-27,-142,-141,-387,-377,-1115,-989,-29992,-29993,-29993,-29989,-29996,-29997]} 1. e4 c5 2. Nc3 g6 3. h4 {[%cal Bh2h4,Bh4h5][%mdl 32]} Bg7 (3... h5 4. d4 cxd4 5. Qxd4 Nf6 6. Bg5 Nc6 7. Qd2 Bg7 8. O-O-O d6 9. f3 Qa5 10. Kb1 Nh7 11. Nd5 Nxg5 12. hxg5 Qxd2 13. Rxd2 Rb8 14. f4 a6 15. Nb6 Bd4 16. Nxc8 Rxc8 {½-½ (16) Bauer,C (2636)-Edouard,R (2638) Nimes 2018}) 4. h5 e6 {[%cal Be7e6,Be6d5][%mdl 32]} 5. Bc4 Ne7 $146 ({Predecessor:} 5... Nc6 6. d3 d6 7. Nf3 Nd4 8. Nxd4 cxd4 9. Ne2 Ne7 10. Bg5 h6 11. Bxe7 Qxe7 12. hxg6 fxg6 {1-0 (77) Galego,L (2489)-Ferreira,P (2110) Lisbon 2004}) 6. d3 {B23: Closed Sicilian: Lines without g3} d5 7. exd5 (7. Bb3 $1 $14) 7... exd5 $15 8. Bb3 {The position is equal.} Qd6 ({Black should try} 8... Be6 $11) 9. Qf3 Be6 $1 10. Nge2 Nbc6 11. Bf4 Qd7 $1 12. h6 Nd4 13. Qg3 Bf6 14. Nxd4 Bxd4 15. Be5 Bxe5 16. Qxe5 O-O-O 17. Ba4 Qc7 18. Qxc7+ Kxc7 19. Ne2 a6 {[#] Threatens to win with ...b5.} 20. c3 b5 21. Bb3 c4 22. Bc2 Bf5 23. O-O-O Nc6 24. d4 {Threatening Bxf5.} Rhe8 {[#] Strongly threatening ...Bxc2.} 25. Nf4 Bxc2 26. Kxc2 Re4 27. g3 Kd6 28. Rde1 Rde8 $36 {[%mdl 2048] Black has good play.} 29. Rxe4 Re7 $2 {[%mdl 8192]} (29... Rxe4 $11 30. Kd2 a5) 30. Re5 $2 (30. Rxe7 Nxe7 31. Re1) 30... Rxe5 $2 $18 {[%mdl 4096] Endgame KRN-KRN} (30... Nxe5 31. dxe5+ Rxe5) 31. f3 $2 (31. dxe5+ $18 Nxe5 32. Rd1) 31... Re3 $15 32. Rf1 g5 33. Nh3 (33. Nh5 $11 {was the only way to keep the balance.}) 33... Re2+ $17 34. Kd1 $2 (34. Kc1 $17 f6 35. Nf2) 34... Rxb2 $19 35. Nxg5 $2 (35. Rf2 Rxf2 36. Nxf2) 35... b4 {[%cal Bb5b4,Bb4c3][%mdl 32]} 36. Nxh7 bxc3 {Black mates.} 37. Ng5 Nb4 38. h7 Nd3 {Precision: White = 24%, Black = 57%.} 0-1

[Event "1st Gujarat GM Open 2018"]
[Site "Ahmedabad"]
[Date "2018.10.08"]
[Round "5"]
[White "Kushagra Mohan"]
[Black "Soham Datar"]
[Result "0-1"]
[WhiteElo "2283"]
[BlackElo "2060"]
[Annotator "TA"]
[PlyCount "72"]
[EventDate "2018.10.05"]
[EventType "swiss"]
[EventCountry "IND"]
[SourceTitle "playchess.com"]
[Source "ChessBase"]
[SourceQuality "1"]

{[%evp 22,72,22,22,35,22,45,14,22,0,-1,-17,0,-20,0,0,18,-22,-32,-85,-93,-92,-71,-79,-60,-59,-28,-137,-17,-34,-20,-44,-41,-72,-79,-82,-69,-64,-87,-195,-187,-208,-204,-435,-427,-1432,-1417,-1471,-1464,-1385,-1296,-1382,-1277]} 1. e4 c5 2. Nf3 d6 3. d4 cxd4 4. Nxd4 Nf6 5. Nc3 a6 6. Be2 e5 7. Nb3 Be7 8. O-O Be6 9. Qd3 {B92: Sicilian Najdorf: 6 Be2} Nbd7 10. Nd5 Bxd5 11. exd5 O-O 12. Bd2 {LiveBook: 20 Games} Re8 (12... Nc5 13. Nxc5 dxc5 14. c4 Bd6 15. Qh3 e4 16. f4 exf3 17. Rxf3 Qd7 {½-½ (28) Nepomniachtchi,I (2751)-Karjakin,S (2773) Saint Louis 2017}) 13. c4 a5 {[#]} 14. Bc3 $146 ({Predecessor:} 14. Rab1 b6 15. Be3 Nc5 16. Qd1 Nfd7 17. Bg4 {½-½ (17) Aveskulov,V (2535)-Wojtaszek,R (2625) Plovdiv 2008}) 14... Bf8 {[%cal Be7f8,Bf8g7,Bg7h6][%mdl 32]} 15. Nd2 g6 16. b3 Bg7 17. a3 Nc5 18. Qc2 b5 {[%cal Bb7b5,Bb5b4][%mdl 32]} 19. Rfe1 Rb8 20. Ra2 (20. cxb5 $15 Nxd5 21. Bb2) 20... b4 $1 $17 {[%cal Rb4c3]} 21. Bb2 Bh6 $36 {[%mdl 2048] Black has strong initiative.} 22. axb4 axb4 23. Nf1 Qb6 24. Rea1 (24. Ng3 $11 {remains equal.}) 24... Rec8 ({Stronger than} 24... Nce4 25. Bf3 $14) (24... Nfe4 $1 $17 {Strongly threatening ...f5.} 25. Bf3 Nc3 $1 {[%mdl 512]}) 25. Bf3 Qd8 26. g3 Ra8 27. Bg2 Rxa2 28. Rxa2 Ra8 29. Rxa8 Qxa8 30. f4 (30. Bf3 $17) 30... Qa2 31. fxe5 dxe5 32. Qf2 $2 (32. Bf3) 32... Nd3 $19 {Black is clearly winning.} 33. Qxf6 {[#]} (33. Qc2 $142 Nxb2 34. c5) 33... Qa7+ $1 34. Kh1 Nf2+ 35. Qxf2 Qxf2 36. Bxe5 Be3 {Precision: White = 19%, Black = 48%.} 0-1

[Event "1st Gujarat GM Open 2018"]
[Site "Ahmedabad"]
[Date "2018.10.08"]
[Round "5"]
[White "Patil, Pratik"]
[Black "Saranya, J."]
[Result "1-0"]
[WhiteElo "2280"]
[BlackElo "2071"]
[Annotator "TA"]
[PlyCount "89"]
[EventDate "2018.10.05"]
[EventType "swiss"]
[EventCountry "IND"]
[SourceTitle "playchess.com"]
[Source "ChessBase"]
[SourceQuality "1"]

{[%evp 16,89,7,-5,25,24,24,21,30,25,30,31,106,72,71,76,76,86,72,75,106,106,139,133,135,150,276,286,285,273,251,270,262,277,259,261,250,215,281,280,340,340,342,342,389,388,481,289,309,259,329,335,344,343,335,347,340,266,355,345,370,361,29991,29992,29992,29993,29993,29994,29994,29995,29996,29997,29997,29998,29998,29999]} 1. e4 c5 2. Nc3 d6 3. f4 Nc6 4. Nf3 g6 5. Bc4 Bg7 6. O-O e6 7. d3 Nf6 8. Qe1 O-O 9. Bb3 {LiveBook: 25 Partien} Nd7 {B23: Sizilianisch (Geschlossenes System)} (9... Nd4 10. Nxd4 cxd4 11. Ne2 Qb6 12. Qf2 Ng4 13. Qg3 Ne3 14. Bxe3 dxe3 15. a4 Qc5 16. c3 Bd7 17. Ra3 {½-½ (33) Mokrys,C (2515)-Siigur,J (2425) ICCF email 2010}) 10. Kh1 a6 $146 ({Vorgänger:} 10... Nb6 11. f5 Nd4 12. Nxd4 cxd4 13. Ne2 exf5 14. Qg3 fxe4 15. Bg5 Qd7 16. h3 exd3 17. cxd3 {0-1 (56) Melo Ramirez,M (1914)-Sosa Florez,J (1671) Ibague 2013}) 11. Qg3 Na5 {Die Stellung ist ausgeglichen.} 12. f5 {Droht stark fxg6.} Nxb3 13. axb3 Ne5 ({Besser ist} 13... exf5 $14 14. Qxd6 Ne5 15. Qxc5 Nxf3 16. Rxf3 (16. gxf3 fxe4 17. fxe4 Bh3 $14) 16... Re8) 14. Bf4 (14. Nxe5 {is interesting.} dxe5 15. f6 Bxf6 16. Bh6 Bh8 17. Bxf8 Qxf8 18. Na4) 14... exf5 15. Nxe5 dxe5 16. Bxe5 Bxe5 17. Qxe5 Qd4 18. Qe7 $1 b6 19. Nd5 {[%cal Bc3d5,Bd5f6,Bf6d7][%mdl 32]} Be6 20. c3 $1 $36 {[%cal Rc3d4][%mdl 2048] Weiss bestimmt, wo es lang geht.} Qe5 (20... Qg7 $16 {kämpft weiter.}) 21. Nf6+ $18 ({Nicht} 21. Nxb6 Rae8 $14) 21... Kg7 {[#]} 22. Nd7 $1 {[%cal Rd7e5]} Qc7 23. Qf6+ Kg8 24. Nxf8 Rxf8 25. exf5 Bxf5 26. d4 Bc2 27. dxc5 Qxc5 28. b4 ({Weniger gut wäre} 28. Rxa6 Bd3 $16) 28... Qc7 29. Rf2 Bd3 30. Rd1 Bc4 31. Qd6 Qb7 32. Re1 b5 33. h3 Qa8 34. Rd2 a5 35. bxa5 Qxa5 36. Qe7 Bb3 37. Re4 Qa1+ {[#]} 38. Kh2 $1 {zielt auf Td8 ab.} h6 $2 (38... Qa8 $18 39. Red4 Qb8+ 40. g3 Qe8 41. Qxe8 Rxe8) 39. Rd8 {Weiß setzt Matt.} Rxd8 40. Qxd8+ {KDT-KDL} Kh7 41. Re8 Qf1 42. Qd4 {[%csl Gd4][%cal Re8h8]} g5 43. Rh8+ Kg6 44. Rg8+ Kf5 45. g4+ {Precision: Weiß = 84%, Schwarz = 30%.} 1-0

[Event "1st Gujarat GM Open 2018"]
[Site "Ahmedabad"]
[Date "2018.10.08"]
[Round "5"]
[White "Bharath Subramaniyam H"]
[Black "Kadam Om Manish"]
[Result "1-0"]
[WhiteElo "2276"]
[BlackElo "2082"]
[Annotator "NA RC"]
[PlyCount "28"]
[EventDate "2018.10.05"]
[EventType "swiss"]
[EventCountry "IND"]
[SourceTitle "playchess.com"]
[Source "ChessBase"]
[SourceQuality "1"]
[TimeControl "5400+30"]

1. e4 {[%emt 0:00:00]} c5 {[%emt 0:00:00]} 2. c3 {[%emt 0:02:03]} d5 {[%emt 0:00:00]} 3. exd5 {[%emt 0:00:08]} Qxd5 {[%emt 0:00:00]} 4. d4 {[%emt 0:00:08]} Nc6 {[%emt 0:00:58]} 5. Nf3 {[%emt 0:00:12]} e6 {[%emt 0:00:17]} 6. Na3 {[%emt 0:00:35]} cxd4 {[%emt 0:00:26]} 7. Nb5 {[%emt 0:01:12]} Qd8 {[%emt 0:03:37]} 8. Bf4 {[%emt 0:02:19]} dxc3 {[%emt 0:35:49]} 9. Nc7+ {[%emt 0:00:51]} Ke7 {[%emt 0:00:01]} 10. Qd3 Qd7 11. Qxd7+ {[%emt 0:00:47] Kd8 [%clk 0:53:44] O-O-O+} Bxd7 {[%emt 0:00:30]} 12. Nxa8 {[%emt 0:00:00]} cxb2 {[%emt 0:00:26] Kxb2 [%clk 1:28:05] Be7 [%clk 0:52:29]} 13. Ne5 {[%emt 0:01:04]} Nxe5 {[%emt 0:02:37]} 14. Bxe5 {[%emt 0:00:10] Bf6 [%clk 0:52:11] f4 [%clk 1:26:52] Bxe5+ [%clk 0:51:38] fxe5 [%clk 1:27:21] Ne7 [%clk 0:51:53] Bc4 [%clk 1:27:00] Kc8 [%clk 0:48:51] Rhf1 [%clk 1:27:07] Rf8 [%clk 0:43:25] Rd2 [%clk 1:24:48] Ng6 [%clk 0:40:08] Rd6 [%clk 1:20:38]} Bc6 $18 {[%emt 0:14:56] Bb3 [%clk 1:18:59] Bxg2 [%clk 0:33:00] Rxf7 [%clk 1:19:17]} ({Viel schwächer ist} 14... bxa1=R+ 15. Bxa1 Kd6 16. Bd4 $19 (16. Bc4 $19)) ({Nicht} 14... bxa1=N 15. Bd3 $19) 1-0

[Event "1st Gujarat GM Open 2018"]
[Site "Ahmedabad"]
[Date "2018.10.08"]
[Round "5"]
[White "Deshmukh, Anup"]
[Black "Jay Kundaliya"]
[Result "1-0"]
[WhiteElo "2267"]
[BlackElo "2047"]
[Annotator "TA"]
[PlyCount "125"]
[EventDate "2018.10.05"]
[EventType "swiss"]
[EventCountry "IND"]
[SourceTitle "playchess.com"]
[Source "ChessBase"]
[SourceQuality "1"]

{[%evp 24,125,0,-8,21,-12,0,0,0,0,24,21,35,16,9,35,45,5,20,0,27,45,38,16,1489,0,28,0,22,16,46,56,80,71,72,71,72,67,76,71,119,120,136,127,149,149,149,149,151,151,172,166,164,157,169,136,136,122,178,190,215,225,240,235,233,213,220,207,250,243,252,248,241,230,337,338,322,331,406,438,392,388,514,564,541,529,470,487,1055,1036,1094,1008,980,841,1724,905,1384,743,6522,6179,6099,2468,29982,29984]} 1. c4 c6 2. Nc3 d5 3. cxd5 cxd5 4. d4 Nf6 5. Bf4 Nc6 6. e3 a6 7. Bd3 Bg4 8. Nf3 e6 9. Rc1 {D13: Slav Defence: Exchange variation without ...Bf5} (9. Qb3 Bxf3 10. gxf3 Na5 11. Qa4+ Nd7 12. O-O Rc8 13. e4 b5 14. Nxb5 axb5 15. Bxb5 Nc4 16. exd5 Ncb6 17. dxe6 Nxa4 18. exd7+ Qxd7 {0-1 (41) Nozdrachev,V (2485)-Volkov,S (2612) Serpukhov 2018}) 9... Bd6 10. h3 Bh5 11. Bxd6 Qxd6 12. O-O O-O 13. a3 {[%cal Ba2a3,Ba3a4][%mdl 32] LiveBook: 4 Games} b5 14. Re1 $146 ({Predecessor:} 14. b4) 14... Rac8 15. a4 b4 16. Nb1 Na5 17. Nbd2 Bg6 18. Qe2 Bxd3 19. Qxd3 Nd7 20. Qe2 Nf6 21. Qd3 Nd7 22. e4 Rc6 23. Ng5 Rcc8 $2 {[%mdl 8192] [#]} (23... g6 $11) 24. Ngf3 $2 ({White has to play} 24. e5 $18 {[%csl Gg5][%cal Rd3h7]} Nf6 25. exd6) 24... Rc6 $1 $11 25. Ng5 g6 (25... Rcc8 {with more complications.}) 26. h4 h6 27. e5 $40 {[%mdl 128] White attacks.} Qe7 28. Rxc6 Nxc6 29. Ngf3 Ndb8 30. Nb3 Rc8 31. Rc1 Qa7 32. g3 Nd7 33. Kg2 Ne7 34. Rxc8+ Nxc8 35. Qd2 Kg7 36. Qxb4 Qb6 37. Qc3 Ne7 38. Na5 Nb8 39. Nd2 Nbc6 40. Ndb3 Qb4 (40... Nb4 $16) 41. Nxc6 $18 Nxc6 42. Qxb4 ({Not} 42. Qxc6 Qxb3 43. Qxa6 Qxb2 $11) 42... Nxb4 {[%mdl 4096] Endgame KN-KN} 43. Nc5 a5 44. Kf3 Kf8 45. Ke2 Ke7 46. Kd2 Nc6 47. Kc3 Kd8 48. g4 h5 (48... Kc7 {was worth a try.} 49. Nd3 Kb6) 49. f3 Kc7 50. Nd3 Kb6 51. Nf4 Ne7 52. Nh3 Ng8 53. b4 Nh6 54. Nf2 Ng8 55. b5 f6 (55... Kc7 $142 56. Kd2 Ne7) 56. Nd3 hxg4 57. fxg4 {[%cal Bf3g4,Bg4h5,Bh5h6][%mdl 32]} fxe5 58. Nxe5 Nf6 59. Kd3 Ne4 60. Ke3 Nc3 61. h5 gxh5 62. gxh5 Nxa4 63. h6 {Precision: White = 75%, Black = 43%.} 1-0

[Event "1st Gujarat GM Open 2018"]
[Site "Ahmedabad"]
[Date "2018.10.08"]
[Round "5"]
[White "Srija, Seshadri"]
[Black "Ashutosh, Kumar"]
[Result "*"]
[WhiteElo "2246"]
[BlackElo "2044"]
[Annotator "NA"]
[PlyCount "43"]
[EventDate "2018.10.05"]
[EventType "swiss"]
[EventCountry "IND"]
[SourceTitle "playchess.com"]
[Source "ChessBase"]
[SourceQuality "1"]
[TimeControl "5400+30"]

1. e4 {[%emt 0:00:00]} c5 {[%emt 0:00:00]} 2. Nf3 {[%emt 0:00:00]} d6 {[%emt 0:00:02]} 3. d4 {[%emt 0:00:00]} cxd4 {[%emt 0:00:04]} 4. Nxd4 {[%emt 0:00:09]} Nf6 {[%emt 0:00:09]} 5. Nc3 {[%emt 0:00:07]} g6 {[%emt 0:00:06]} 6. Be3 {[%emt 0:00:11]} Bg7 {[%emt 0:00:12]} 7. f3 {[%emt 0:00:12]} O-O {[%emt 0:00:04]} 8. Qd2 {[%emt 0:00:04]} Nc6 {[%emt 0:00:12]} 9. g4 {[%emt 0:00:19]} Be6 {[%emt 0:00:16]} 10. Nxe6 {[%emt 0:00:20]} fxe6 {[%emt 0:00:05]} 11. O-O-O {[%emt 0:00:11]} Ne5 {[%emt 0:07:40]} 12. Be2 {[%emt 0:00:28]} Qa5 {[%emt 0:03:23]} 13. Kb1 {[%emt 0:01:09]} Rac8 {[%emt 0:01:39]} 14. Nb5 {[%emt 0:13:45]} Qxd2 {[%emt 0:04:36]} 15. Rxd2 {[%emt 0:00:08]} a6 {[%emt 0:02:53]} 16. Nd4 {[%emt 0:00:51]} Kf7 {[%emt 0:01:55]} 17. b3 {[%emt 0:12:43]} Nc6 {[%emt 0:04:58]} 18. h4 {[%emt 0:05:12]} Nxd4 {[%emt 0:06:09]} 19. Bxd4 {[%emt 0:00:46]} Nd7 {[%emt 0:03:04]} 20. Be3 {[%emt 0:03:12]} Rc3 {[%emt 0:05:52]} 21. Bf2 {[%emt 0:01:00]} Be5 {[%emt 0:02:24]} 22. Be3 {[%emt 0:00:00]} *